Statistiques concernant Buteurs argentins en Coupe du Monde

Cliquez ici pour prendre le quiz!

Statistiques générales

  • Ce quiz a été pris 123 fois
    (41 depuis la dernière actualisation)
  • Le résultat moyen est 14 sur 63

Statistiques - réponses

Nombre de butsClubNom du joueur% Correct
13FC Barcelone, Paris Saint-GermainLionel Messi
100%
8Boca Juniors, SS Napoli, Newell's Old BoysDiego Maradona
95%
3Real Madrid, Paris Saint-Germain, JuventusÁngel Di Maria
90%
5Real Madrid, SS NaplesGonzalo Higuaín
70%
4Manchester CityJulián Álvarez
70%
2Manchester CitySergio "Kun" Agüero
70%
10Fiornetina, AS RomeGabriel Batistuta
65%
1Benfica LisbonneEnzo Fernández
58%
3Corinthians, Manchester CityCarlos Tevez
53%
4SS Lazio, ChelseaHernán Crespo
53%
1Brighton &Hove AlbionAlexis Mac Allister
45%
2Manchester UnitedMarcos Rojo
38%
6FC ValenceMario Kempes
38%
1Atlético MadridNahuel Molina
38%
1Olympique de MarseilleGabriel Heinze
28%
1FC SévilleJavier Saviola
28%
1Inter MilanJavier Zanetti
28%
3FC NantesJorge Burruchaga
28%
1FC ValenceClaudio López
25%
3River PlateDaniel Passarella
25%
3Atlético MadridMaxi Rodriguez
25%
1Inter MilanEsteban Cambiasso
23%
1FC SévilleGabriel Mercado
23%
4Real MadridJorge Valdano
20%
2San LorenzoLuis Monti
20%
4Atalanta Bergame, AS RomeClaudio Caniggia
18%
1Bayern MunichMartín Demichelis
18%
2FC ValenceAriel Ortega
15%
1Stade BrestoisJosé Luis Brown
13%
8HuracánGuillermo Stábile
10%
1Boca JuniorsMartín Palermo
10%
1AS RomeAbel Balbo
8%
4FC Séville, FiorentinaDaniel Bertoni
8%
1River PlateOscar Ruggeri
8%
1SS LazioPedro Troglio
8%
1River PlateRamón Díaz
8%
1FC ValenceRoberto Ayala
8%
1Atlético MadridRubén Ayala
8%
1Birmingham CityAlberto Tarantini
5%
4River PlateLeopoldo Luque
5%
1HuracánMiguel Ángel Brindisi
5%
1Tottenham HotspurOsvaldo Ardiles
5%
4HuracánRené Houseman
5%
2Sportivo PalermoAdolfo Zumelzú
3%
1Unión de Santa FeAlberto Galateo
3%
1Estudiantes La PlataAlejandro Scopelli
3%
1HuracánCarlos Babington
3%
3Sportivo Buenos AiresCarlos Peucelle
3%
1River PlateErmindo Onega
3%
1Defensores de BelgranoErnesto Belis
3%
1Gimnasia La PlataFrancisco Varallo
3%
1San LorenzoHéctor Facundo
3%
2Sporting PortugalHéctor Yazalde
3%
1San LorenzoJosé Sanfilippo
3%
1Vélez SársfieldLudovico Avio
3%
3River PlateLuis Artime
3%
1Boca JuniorsMario Evaristo
3%
1UdineseMauricio Pineda
3%
1River PlateNorberto Menéndez
3%
3Racing ClubOreste Corbatta
3%
1IndependientePedro Monzón
3%
1US LeccePedro Pasculli
3%
1Atlético MadridRamón Heredia
3%

Distribution des résultats

Percentile par nombre de réponses

% des personnes avec chaque résultat

Votre développement - résultats

Vous n’avez pas pris ce quiz depuis la dernière actualisation